| 000 | 00645nam a2200217 u 4500 | ||
|---|---|---|---|
| 005 | 20220531063710.0 | ||
| 008 | 131003s2008 r 000 0 eng d | ||
| 020 | _a9789872438760 | ||
| 035 | _aUPN01000193447 | ||
| 049 | _aCG | ||
| 050 | 4 |
_aPQ8519 Q5 _bE8.6 |
|
| 100 | 1 |
_aQuiroga, Horacio, _d1878-1937 _929892 |
|
| 245 | 1 | 3 |
_aEl espectro y otros cuentos extraños / _cHoracio Quiroga. |
| 260 |
_aBuenos Aires : _bPictus, _c2008. |
||
| 300 | _a122 p. | ||
| 440 | 0 |
_aLectosfera ; _v105. _pMarfil. A partir de 12 años |
|
| 650 | 4 |
_aCUENTOS URUGUAYOS _910233 |
|
| 650 | 7 |
_aLiteratura uruguaya _2 _95065 |
|
| 905 | _aLibro | ||
| 999 |
_c165548 _d165548 |
||